| 000 | 00747nam a22001815i 4500 | ||
|---|---|---|---|
| 001 | 173941 | ||
| 003 | ES-MaACL | ||
| 005 | 20250724075057.0 | ||
| 008 | 100201s1883 sp |||| | spa d | ||
| 080 | _a006.91 | ||
| 245 | 0 | 0 |
_aResumen de los trabajos hechos para la determinación del metro y kilogramo internacionales desde julio de1879 hasta diciembre de 1883 / _cpublicado por el Instituto Geográfico y Estadístico. |
| 260 |
_aMadrid : _b[s.n.], _c1883 ( _fImp. de la Dirección General del Instituto Geográfico y Estadístico) |
||
| 300 |
_a122 p. ; _c23 cm. |
||
| 650 | 1 | 7 |
_aPesos y medidas _2embne _9136691 |
| 710 | 2 |
_aInstituto Geográfico y Estadístico (España) _93892 |
|
| 852 |
_aES-MaACL _jT-380-F-19 |
||
| 999 |
_c173941 _d173941 |
||